| 000 | 00533nam a22001817a 4500 | ||
|---|---|---|---|
| 999 |
_c196746 _d196746 |
||
| 005 | 20230725110944.0 | ||
| 010 | _aENG-137573 | ||
| 020 |
_c210.00 _a9789391091354 |
||
| 035 | _aEN-121105 | ||
| 037 | _bDBAD/PUB | ||
| 082 | _a821 | ||
| 100 | _aRao, P.G.Rama | ||
| 245 | 0 | 0 |
_aThe Great Wall of India and Other Poems/ _cby P.G.Rana Rao |
| 260 |
_aGurugram _bThe Poetry Society of India _c2021 |
||
| 270 |
_aH-23/16, DLF Phase-I, _bHaryana _e122002 |
||
| 300 |
_aiv, 69p. _c21cm(pbk) |
||
| 942 |
_2ddc _cEN _mRAO _h821 |
||